[Event "Cairo Heliopolis op 2nd"]
[Site "Cairo"]
[Date "2010.06.02"]
[Round "4"]
[White "Hosny, Gamal"]
[Black "Elsayed, Alaa Eldin"]
[Result "0-1"]
[WhiteElo "1883"]
[BlackElo "2031"]
[PlyCount "68"]
[EventDate "2010.05.30"]
[EventType "swiss"]
[EventRounds "9"]
[EventCountry "EGY"]
[SourceTitle "EXT 2011"]
[Source "ChessBase"]
[SourceDate "2010.11.26"]
[SourceVersion "1"]
[SourceVersionDate "2010.11.26"]
[SourceQuality "1"]

1. e4 e5 2. Nf3 d5 3. Nc3 dxe4 4. Nxe4 f5 5. Nc3 e4 6. Ne5 Be6 7. d4 Nf6 8. Bb5+ c6 9. Be2 Bb4 10. 0-0 0-0 11. f4 Nbd7 12. Nb1 Qc7 13. c3 Ba5 14. Nc4 Bxc4 15. Bxc4+ Kh8 16. a4 c5 17. d5 Qd6 18. Na3 a6 19. Qd2 Bc7 20. Bb3 c4 21. Bxc4 Bb6+ 22. Kh1 Ng4 23. h3 e3 24. Qe2 Nf2+ 25. Kg1 Qxf4 26. Nc2 Bc7 27. d6 Qxd6 28. Qxe3 Qh2+ 29. Kxf2 Rae8 30. Be6 f4 31. Qe4 f3 32. Ke1 fxg2 33. Rxf8+ Rxf8 34. Be3 Rf1+ 0-1